000 00723nam a2200193Ii 4500
003 JO-AjNU
008 230605s9999||||xx |||||||||||||| ||und||
040 _aJO-AjNU
_bara
_erda
_cJO-AjNU
041 _aara
050 1 4 _aPN3373.L6812 1996
100 3 _aتاليف لوفاهر، سوزان؛ ترجمة محمد لبيب لفته,
_eauthor
_920926
245 0 0 _a فن القصة القصيرة من الأدب العالمي
264 3 1 _a بغداد: دار الشؤون الثقافية العامة، 1996
300 _a174ص
336 _atext
_btxt
_2rdacontent
337 _aunmediated
_bn
_2rdamedia
338 _avolume
_bnc
_2rdacarrier
650 4 _aالقصة القصيرة - الادب العالمي
_920927
999 _aA7184
_c10752
_d10752